| 000 | 00419nam a2200145Ia 4500 | ||
|---|---|---|---|
| 005 | 20260328101505.0 | ||
| 008 | 260328s9999||||xx |||||||||||||| ||und|| | ||
| 100 | _aVillate Matiz, María Claudia | ||
| 245 | 0 |
_aEstructuras no Convencionales en Arquitectura / _cMaría Claudia Villate Matiz |
|
| 250 | _a1a ed. | ||
| 260 | _bUniversidad Nacional de Colombia | ||
| 300 | _a156 p. | ||
| 650 | _aCONSTRUCCIÓN | ||
| 942 | _cBK | ||
| 999 |
_c9004 _d9004 |
||